LEADER 03365oam 2200793 450 001 9910427735803321 005 20220909173001.0 010 $a3-7489-2092-X 035 $a(CKB)4100000011630491 035 $a(EXLCZ)994100000011630491 100 $a20201222d2020 uu 0 101 0 $ager 135 $aur||#---||||| 181 $ctxt$2rdacontent 182 $cc$2rdamedia 183 $acr$2rdacarrier 200 04$aDie dunklen Seiten des Konsums $ealte Probleme, neue Herausforderungen /$fLudger Heidbrink, Andrea Gröppel-Klein (Hrsg.) 210 1$aBaden-Baden :$cNomos,$d2020. 215 $a1 online resource (147 pages) $cillustrations (black and white, and colour); digital file(s) 225 0 $aVerbraucherforschung ;$v4 320 $aIncludes bibliographical references. 330 $a"Vor knapp dreißig Jahren ist die Metapher ?the dark sides of consumer behavior? in die Konsumentenverhaltensforschung eingeführt worden. So setzen sich Konsumenten mit ihrem Verhalten manchmal wissend ins Unrecht, betrachten ihre Vergehen aber als "smarte Kavaliersdelikte". Zudem erliegen Menschen schädlichen Versuchungen und neigen zu Süchten. Schließlich agieren Verbraucher oft egoistischer oder weniger nachhaltig, als sie von sich selbst behaupten. Die Beiträge in diesem Buch knüpfen an dieses Generalthema an, widmen sich den dunklen Seiten und regen an, dass Nachfrager und Anbieter manche Verhaltensweisen überdenken und auch Gegenstrategien entwickeln sollten."--Verl. 606 $aConsumer behavior$xResearch 606 $aCompulsive behavior$xSocial aspects 606 $aConsumer research 606 $aComportement du consommateur$9fre$2ECLAS 606 $aconsumer behaviour$9eng$2eurovoc 606 $aProtection du consommateur$9fre$2ECLAS 606 $aconsumer protection$9eng$2eurovoc 606 $aConsommation$9fre$2ECLAS 606 $aconsumption$9eng$2eurovoc 606 $aJeux et paris$9fre$2ECLAS 606 $agame of chance$9eng$2eurovoc 606 $agambling addiction$9eng$2eurovoc 606 $aMédias$9fre$2ECLAS 606 $amass media$9eng$2eurovoc 606 $aRéseaux sociaux en ligne$9fre$2ECLAS 606 $asocial media$9eng$2eurovoc 606 $aCongrès$9fre$2ECLAS 606 $aconference proceedings$9eng$2eurovoc 606 $aGermany$9eng$2eurovoc 607 $aAllemagne RF$9fre$2ECLAS 615 0$aConsumer behavior$xResearch. 615 0$aCompulsive behavior$xSocial aspects. 615 0$aConsumer research. 615 7$aComportement du consommateur 615 7$aconsumer behaviour 615 7$aProtection du consommateur 615 7$aconsumer protection 615 7$aConsommation 615 7$aconsumption 615 7$aJeux et paris 615 7$agame of chance 615 7$agambling addiction 615 7$aMédias 615 7$amass media 615 7$aRéseaux sociaux en ligne 615 7$asocial media 615 7$aCongrès 615 7$aconference proceedings 615 7$aGermany 702 $aHeidbrink$b Ludger 702 $aGröppel-Klein$b Andrea 712 12$aJahreskonferenz des Bundesnetzwerks Verbraucherforschung$f(2019 :$eBerlin), 801 2$bUkMaJRU 906 $aBOOK 912 $a9910427735803321 996 $aDie dunklen Seiten des Konsums$92000473 997 $aUNINA LEADER 02713oas 2201081 a 450 001 9910145463903321 005 20251106213014.0 011 $a1573-8604 035 $a(DE-599)ZDB2016016-1 035 $a(DE-599)2016016-1 035 $a(OCoLC)44513455 035 $a(CONSER) 2004233324 035 $a(CKB)954925480584 035 $a(EXLCZ)99954925480584 100 $a20000630a19809999 sy a 101 0 $aeng 135 $aurmnu|||||||| 181 $ctxt$2rdacontent 182 $cc$2rdamedia 183 $acr$2rdacarrier 200 10$aInternational journal of primatology 210 $aNew York $cKluwer Academic Publishers 210 3 $a[New York] $cSpringer US 300 $aRefereed/Peer-reviewed 300 $aSome issues also have distinctive titles. 311 08$a0164-0291 531 0 $aInt. j. primatol. 606 $aPrimates$vPeriodicals 606 $aPrimates as laboratory animals$vPeriodicals 606 $aPrimates 606 $aPrimatologie$vPe?riodiques 606 $aPrimates (Animaux de laboratoire)$vPe?riodiques 606 $aprimates (order)$2aat 606 $aPrimates$2fast$3(OCoLC)fst01076374 606 $aPrimates as laboratory animals$2fast$3(OCoLC)fst01076406 606 $aPrimaten$2gtt 606 $aPrimats$2thub 608 $aPeriodicals.$2fast 608 $aPeriodicals.$2lcgft 608 $aRevistes electròniques.$2thub 615 0$aPrimates 615 0$aPrimates as laboratory animals 615 2$aPrimates. 615 6$aPrimatologie 615 6$aPrimates (Animaux de laboratoire) 615 7$aprimates (order) 615 7$aPrimates. 615 7$aPrimates as laboratory animals. 615 17$aPrimaten. 615 7$aPrimats. 676 $a599.8 712 02$aInternational Primatological Society, 801 0$bF#A 801 1$bF#A 801 2$bOCLCQ 801 2$bOH1 801 2$bOCLCQ 801 2$bGUA 801 2$bU9S 801 2$bGUA 801 2$bOCLCQ 801 2$bMYG 801 2$bOCLCQ 801 2$bBUF 801 2$bOCLCQ 801 2$bOCLCF 801 2$bOCLCQ 801 2$bAU@ 801 2$bOCLCO 801 2$bWYU 801 2$bU3W 801 2$bNJT 801 2$bOCLCO 801 2$bVT2 801 2$bDLC 801 2$bSFB 801 2$bCNMTR 801 2$bOCLCA 801 2$bUBY 801 2$bUKUAL 801 2$bUKMGB 801 2$bOCLCQ 801 2$bUAB 801 2$bSXB 801 2$bOCLCL 801 2$bCSU 801 2$bUEJ 801 2$bYOU 801 2$bOCLCQ 906 $aJOURNAL 912 $a9910145463903321 996 $aInternational journal of primatology$91925599 997 $aUNINA